Statistics for Countries Christian Wulff has visited

Click here to take the quiz!

General Stats

  • This quiz has been taken 8 times
  • The average score is 27 of 31

Answer Stats

Continent Country % Correct
EuropePortugal
100%
Asia/ EuropeRussia
100%
EuropeLuxembourg
100%
EuropeAustria
100%
AsiaJapan
100%
EuropeItaly
100%
AsiaIsrael
100%
AsiaIndonesia
100%
EuropeFrance
100%
EuropePoland
100%
EuropeFinland
100%
EuropeEstonia
100%
EuropeSpain
100%
South AmericaBrazil
100%
EuropeBelgium
100%
Asia/ EuropeTurkey
100%
EuropeSlovakia
83%
AsiaQatar
83%
AsiaAfghanistan
83%
AsiaKuwait
83%
AsiaOman
83%
Europethe Netherlands
83%
North AmericaMexico
83%
EuropeHungary
83%
EuropeCzech Republic
83%
North AmericaCosta Rica
83%
AsiaBangladesh
83%
AfricaSouth Africa
67%
AsiaUnited Arab Emirates
67%
AsiaPalestine
33%
EuropeLiechtenstein
33%

Score Distribution

Percentile by Number Answered

Percent of People with Each Score

Your Score History

You have not taken this quiz